Market insight (Record no. 112382)

MARC details
000 -LEADER
fixed length control field 00951cad a22002175a 4500
001 - CONTROL NUMBER
control field L153115
008 - FIXED-LENGTH DATA ELEMENTS--GENERAL INFORMATION
fixed length control field 110609s2011 xxk 000 0 eng d
035 ## - SYSTEM CONTROL NUMBER
System control number (Sirsi) u153115
041 0# - LANGUAGE CODE
Language code of text/sound track or separate title eng
100 1# - MAIN ENTRY--PERSONAL NAME
Personal name Atkins, John
110 2# - MAIN ENTRY--CORPORATE NAME
Corporate name or jurisdiction name as entry element EC Harris
9 (RLIN) 4930
245 00 - TITLE STATEMENT
Title Market insight
Remainder of title Germany
-- Summer 2011
Medium [electronic resource]
260 ## - PUBLICATION, DISTRIBUTION, ETC.
Place of publication, distribution, etc. [S.l.]
Name of publisher, distributor, etc. ECHarris
Date of publication, distribution, etc. 2011
490 #0 - SERIES STATEMENT
Series statement EC Harris Market Insight
520 ## - SUMMARY, ETC.
Summary, etc. Office fit out costs can be a substantial 'add-on' when a client has commissioned a new office or is undertaking an office refurbishment; analysis of costs of office fit outs in Germany to provide indicative ranges of costs for a number of different client types.
590 ## - LOCAL NOTE (RLIN)
Local note KA NTK
651 #4 - SUBJECT ADDED ENTRY--GEOGRAPHIC NAME
Geographic name Germany
690 ## - LOCAL SUBJECT ADDED ENTRY--TOPICAL TERM (OCLC, RLIN)
Topical term or geographic name as entry element BUILT ENVIRONMENT-CONSTRUCTION MARKET
856 40 - ELECTRONIC LOCATION AND ACCESS
Uniform Resource Identifier <a href="https://www.echarris.com/PDF/7918_German%20Market%20Insight_Summer%202011%20FINAL.pdf">https://www.echarris.com/PDF/7918_German%20Market%20Insight_Summer%202011%20FINAL.pdf</a>
Public note View the item free of charge at www.echarris.com
942 ## - ADDED ENTRY ELEMENTS (KOHA)
Suppress in OPAC 0
Holdings
Withdrawn status Lost status Source of classification or shelving scheme Damaged status Not for loan Home library Current library Shelving location Date acquired Total Checkouts Full call number Barcode Date last seen Copy number Price effective from Koha item type
    Dewey Decimal Classification     Virtual Virtual Online 09/06/2011   ONLINE PUBLICATION 153115-2001 06/08/2019 1 06/08/2019 Book